Implicaciones de los procesos de cambio en Costa Rica /
Hablar de procesos de cambio tiene una importancia significativa, no porque el cambio tenga lugar permanente en la sociedad, sino porque implica una adaptación a lo nuevo y una incorporación de las lecciones aprendidas, tanto positivas como negativas, de cambios anteriores. El autor aborda los proce...
Gespeichert in:
| 1. Verfasser: | |
|---|---|
| Format: | Text |
| Schlagworte: | |
| Tags: |
Tag hinzufügen
Keine Tags, Fügen Sie den ersten Tag hinzu!
|
MARC
| LEADER | 00000 a a2200000 04500 | ||
|---|---|---|---|
| 001 | 40988 | ||
| 003 | |||
| 040 | |||
| 100 | |a Carazo Zeledón, Rodrigo Alberto | ||
| 245 | |a Implicaciones de los procesos de cambio en Costa Rica / |c Rodrigo Alberto Carazo Zeledón | ||
| 520 | |a Hablar de procesos de cambio tiene una importancia significativa, no porque el cambio tenga lugar permanente en la sociedad, sino porque implica una adaptación a lo nuevo y una incorporación de las lecciones aprendidas, tanto positivas como negativas, de cambios anteriores. El autor aborda los procesos de cambio de cuatro campos fundamentales: económico, social, cultural y político | ||
| 650 | |a CAMBIO SOCIAL | ||
| 650 | |a CAMBIO CULTURAL | ||
| 650 | |a ADAPTACION AL CAMBIO | ||
| 650 | |a CAMBIO ECONOMICO | ||
| 650 | |a DESARROLLO POLITICO | ||
| 773 | |g páginas 29-44 | ||
| 999 | |c 22349 |d 22349 | ||
